| 000 | 00484nam a22001577a 4500 | ||
|---|---|---|---|
| 082 |
_a297.63 _bQAY |
||
| 100 | _aQayyum, Abdul | ||
| 245 |
_aSeerat-e-Rehmat-e-Alam / _cAbdul Qayyum |
||
| 260 |
_aLahore : _bBazm-e-Iqbal, _c2021. |
||
| 300 |
_a232 p. ; _c22 cm. |
||
| 563 | _aHBK. | ||
| 650 |
_aسیرت النبیﷺ _aسوانح عمری ﷺ _9113845 |
||
| 700 |
_aHafiz Muhammad Fayyaz Ilyas _9113266 |
||
| 880 |
_6245-02\r _aسیرت رحمت عالم ﷺ |
||
| 942 |
_2ddc _cBK |
||
| 999 |
_c595028 _d595028 |
||